| 000 | 00601nam a2200205Ia 4500 | ||
|---|---|---|---|
| 003 | GCL | ||
| 008 | 140319s9999 xx 000 0 ara d | ||
| 040 |
_aGCL / _cGCL |
||
| 082 | 0 | 4 |
_aط _b611 _bه ج |
| 100 | 1 | _aسيد رمضان هدارة | |
| 245 | 1 | 0 |
_aجسمك كيف يعمل / _cسيد رمضان هدارة |
| 700 | 1 | _aهندلى , جودى | |
| 700 | 1 | _aروسون ، كريستوفر | |
| 300 | _a47 ص | ||
| 490 |
_aالهيئة العامة للاستعلامات _v0 |
||
| 650 | 0 | 4 | _aالاطفال |
| 650 | 0 | 4 | _aجسم الانسان |
| 650 | 0 | 4 | _aالتشريح |
| 942 |
_2ddc _cBK |
||
| 999 |
_c51492 _d51492 |
||